00367pab a2200133 454500008004000000100002300040245005200063260000900115300001400124362001100138650003600149650001400185773003400199180718b2009 xxu||||| |||| 00| 0 eng d aNautiyal, Annpurna aUttarakhand: Congress outperforms its opponents c2009 ap.194-95. a26 Sep aElections - India - Uttarakhand aElections aEconomic and Political Weekly